| 000 | 01329cam a2200229 4500 | ||
|---|---|---|---|
| 001 | WB@3612-180 | ||
| 008 | 041019n2004 000 0 eng u | ||
| 035 | _a(Sirsi) u127758 | ||
| 245 | _aCBRE reports strong capital growth | ||
| 260 | _c2004 | ||
| 490 |
_aCB Richard Ellis News Release _vSeptember 2004 (4) |
||
| 520 | _aAccording to the latest "CBRE UK monthly index: September 2004" capital growth is still strong but rents faltered with no August growth witnessed in High Street shops, offices and industrials. Despite the weakest all property monthly rental growth in four months, annual all property rental growth improved to 1.3% in August 2004 - its strongest annual rate since February 2002. Retail continues to benefit from the strongest positive yield movements driving capital growth of 9.7% in the year to August. The gradual improvement in all offices rental growth stalled in August and year to date rental growth now stands at 0.9% against 5.2% for capital growth. For further details on the report go to the website. http://www.cbre.com/default.htm | ||
| 590 | _aWB | ||
| 590 | _aWB | ||
| 650 | _aCBRE MONTHLY INDEX | ||
| 650 | _aCAPITAL VALUES | ||
| 650 | _aCAPITAL GROWTH | ||
| 650 | _aPROPERTY PERFORMANCE | ||
| 650 | _aRETAIL PROPERTY | ||
| 690 | _aCOMMERCIAL PROPERTY-MARKET | ||
| 942 | _n0 | ||
| 999 |
_c118189 _d118189 |
||